Evaluating technology for new farming systems: case studies from Philippine rice farms
Na minha lista:
| Autor principal: | |
|---|---|
| Formato: | Livro |
| Idioma: | Undetermined |
| Publicado em: |
Philippines
IRRI
1983
|
| Assuntos: | |
| Tags: |
Adicionar Tag
Sem tags, seja o primeiro a adicionar uma tag!
|
| Thư viện lưu trữ: | Trung tâm Học liệu Trường Đại học Cần Thơ |
|---|
| LEADER | 00550nam a2200181Ia 4500 | ||
|---|---|---|---|
| 001 | CTU_30163 | ||
| 008 | 210402s9999 xx 000 0 und d | ||
| 082 | |a 631.18 | ||
| 082 | |b B258 | ||
| 100 | |a C Barlow | ||
| 245 | 0 | |a Evaluating technology for new farming systems: case studies from Philippine rice farms | |
| 245 | 0 | |c C Barlow, E C Price, IRRI, S Jayasuriya | |
| 260 | |a Philippines | ||
| 260 | |b IRRI | ||
| 260 | |c 1983 | ||
| 650 | |a farming systems,rice | ||
| 904 | |i Liên, 990312 | ||
| 980 | |a Trung tâm Học liệu Trường Đại học Cần Thơ | ||